000
00292nam a22001337a 4500
008
170418b xxu||||| |||| 00| 0 eng d
020
_a
46018
041
_a
eng
080
_a
612.39
100
_a
10
101
_a
shm
245
_a
THE SCIENCE OF NUTRITION
_c
THOMPSON, J.L
942
_2
udc
_c
BK
999
_c
10881
_d
10881